'K' Countries Quiz Stats

 Plays Quiz Updated Dec 5, 2018

Support Sporcle.
Go Orange.
Score 0/6 Timer 00:30
30 Plays Today
Country % Correct
Kazakhstan
81.2%
Kenya
76.3%
Kyrgyzstan
69.5%
Kiribati
60.3%
Kosovo
55.7%
Kuwait
55.5%

From the Vault

'L'ements

by Blackhawks65

Science 60s
What lovely little 'L'ements
Remove Ads.
Support Sporcle.
Get the best of Sporcle when you Go Orange. This ad-free experience offers more features, more stats, and more fun while also helping to support Sporcle. Thank you for becoming a member.

Show Comments

Extras

Top Quizzes Today


Score Distribution

Your Account Isn't Verified!

In order to create a playlist on Sporcle, you need to verify the email address you used during registration. Go to your Sporcle Settings to finish the process.

Report this User

Report this user for behavior that violates our Community Guidelines.

Details: